000 00341nam a2200145Ia 4500
008 150201s2010 xx 000 0 und d
082 _a617.3
_bM10S
100 _aSHENOY , K. RAJGOPAL
245 _aMANIPAL MANUAL OF INSTRUMENTS
250 _a1ST
260 _bCBS
_aDELHI
_c2010
300 _a280
650 _aSURGERY
942 _2ddc
_cBK
_04
999 _c2046
_d2046